Normal view
MARC view
- Cohn, David.S
Entry Personal Name
001 - CONTROL NUMBER
- control field: 60711
003 - CONTROL NUMBER IDENTIFIER
- control field: NUST
005 - DATE AND TIME OF LATEST TRANSACTION
- control field: 20210628202618.0
008 - FIXED-LENGTH DATA ELEMENTS
- fixed length control field: 210628|| aca||aabn | a|a d
040 ## - CATALOGING SOURCE
- Original cataloging agency: NUST
- Transcribing agency: NUST
100 ## - HEADING--PERSONAL NAME
- Personal name: Cohn, David.S
670 ## - SOURCE DATA FOUND
- Source citation: Work cat.: (NUST): Cohn, David.S, The complete reference autocad 2002, 2002
